000 004880000a22002170004500
650 _aFluid dynamics
650 _aFluid mechanics
650 _aVector analysis
650 _aGases
650 _aMagnetohydrodynamics
082 _a532.05
_bC456t
518 _a990729
530 _aM
100 _aChorlton, F.
245 _aTextbook of fluid dynamics
260 _aNew Delhi
_bCBS Pubs, India
260 _c1985
300 _avi,399p.
_billus
041 _aEng
942 _cGEN
999 _c18958
_d18958